000 00515nam a22001937a 4500
003 UA-OsUOA
001 43760
007 ta
008 20091028b un ||||| |||| 00| 0 ukr d
090 _a94(477).07
_bП37
942 _cBKA
040 _aUA-OsUOA
_beng
_cUA-OsUOA
_dUA-OsUOA
245 _aПлакати виставки "Геноцид Голодомором"
955 _a4
041 _aeng
080 _a94(477).07
650 7 _a9 Географія. Біографії. Історія
_2UDC
999 _c442234
_d442234